Pohľad slovenskej verejnosti na životné prostredie a environmentálne problémy
Angažovanosť občanov Slovenska vo veciach životného prostredia. Environmentálne správanie. Strach zo zamorenej prírody. Podpora myšlienky udržateľného rozvoja. Zodpovednosť za stav životného prostredia. Všeobecný pokles angažovanosti. Miera informovanosti a dôvera v informačné zdroje.
Saved in:
| Main Author: | |
|---|---|
| Other Authors: | |
| Format: | Book Chapter |
| Language: | Slovak |
| Subjects: | |
| Tags: |
No Tags, Be the first to tag this record!
|
MARC
| LEADER | 00000naa$a2200000$$$4500 | ||
|---|---|---|---|
| 001 | 0100413 | ||
| 005 | 20231128132824.6 | ||
| 041 | 0 | |a slo | |
| 044 | |a SK | ||
| 245 | 1 | 0 | |a Pohľad slovenskej verejnosti na životné prostredie a environmentálne problémy |c Jana Klocoková, Miroslav Tížik |
| 520 | |a Angažovanosť občanov Slovenska vo veciach životného prostredia. Environmentálne správanie. Strach zo zamorenej prírody. Podpora myšlienky udržateľného rozvoja. Zodpovednosť za stav životného prostredia. Všeobecný pokles angažovanosti. Miera informovanosti a dôvera v informačné zdroje. | ||
| 610 | 2 | 0 | |a prostredie životné |
| 610 | 2 | 0 | |a občania |
| 610 | 2 | 0 | |a znečistenie prostredia životného |
| 610 | 2 | 0 | |a rozvoj trvalo udržateľný |
| 610 | 2 | 0 | |a zodpovednosť |
| 610 | 2 | 0 | |a informácie |
| 610 | 2 | 0 | |a Slovensko |
| 100 | 1 | |a Klocoková, Jana | |
| 700 | 1 | |a Tížik, Miroslav | |